Discrete Mathematics And Graph Theory / (Record no. 592256)

000 -LEADER
fixed length control field 00813nam a22001697a 4500
003 - CONTROL NUMBER IDENTIFIER
control field NUST
005 - DATE AND TIME OF LATEST TRANSACTION
control field 20221107094600.0
008 - FIXED-LENGTH DATA ELEMENTS--GENERAL INFORMATION
fixed length control field 221107b ||||| |||| 00| 0 eng d
082 ## - DEWEY DECIMAL CLASSIFICATION NUMBER
Classification number 510,SAT
100 ## - MAIN ENTRY--PERSONAL NAME
Personal name Satyanarayana, Bhavanari
9 (RLIN) 102402
245 ## - TITLE STATEMENT
Title Discrete Mathematics And Graph Theory /
Statement of responsibility, etc. Bhavanari Satyanarayana, Kuncham Syam Prasad
250 ## - EDITION STATEMENT
Edition statement 2nd ed
260 ## - PUBLICATION, DISTRIBUTION, ETC.
Place of publication, distribution, etc. New Delhi
Name of publisher, distributor, etc. PHI Learning Pvt Ltd
Date of publication, distribution, etc. 2009
300 ## - PHYSICAL DESCRIPTION
Extent xii, 519p.
505 ## - FORMATTED CONTENTS NOTE
Formatted contents note Discrete Mathematics (Page-3), Fundamentals of Logic (Page-19), Recurrences and Integer Functions (Page-72), Counting Techniques (Page-89), Algebraic Systems (Page-105), Preliminary Concepts (Page-331), Planarity Coloring and Partitioning (Page-416), Some Algebraic Aspects of Graphs (Page-446), Directed Graphs (Page-479).
942 ## - ADDED ENTRY ELEMENTS (KOHA)
Source of classification or shelving scheme
Koha item type Book
Call number prefix 510,SAT
Holdings
Withdrawn status Lost status Source of classification or shelving scheme Damaged status Not for loan Permanent Location Current Location Shelving location Date acquired Total Checkouts Full call number Barcode Date last seen Date last checked out Price effective from Koha item type Public note
          Military College of Signals (MCS) Military College of Signals (MCS) General Stacks 11/07/2022 1 510,SAT MCS37879 12/23/2024 11/11/2024 11/07/2022 Book Almirah No.10, Shelf No.2
© 2023 Central Library, National University of Sciences and Technology. All Rights Reserved.